| 000 | 00611nam a22001937a 4500 | ||
|---|---|---|---|
| 003 | koha_MIRAKIL | ||
| 005 | 20250108105644.0 | ||
| 008 | 250108b tur||||| |||| 00| 0 tur d | ||
| 020 | _a9786257360036 | ||
| 040 |
_aTR-IsEVY _btur _cTR-IsEVY |
||
| 082 | _aFIC TEM/D | ||
| 100 | _aTemiz, Nihan | ||
| 245 | 0 |
_aDünyanın en küçük pilotları / _cNihan Temiz ; resimleyen Elif Balta Parks. |
|
| 260 |
_aİstanbul : _bİthaki Çocuk, _c2021. |
||
| 300 |
_a34 s. : _brenkli resimli ; _c22 cm. |
||
| 650 |
_aÇocuk Edebiyatı. _vResimli Kitaplar. |
||
| 700 | 1 |
_aParks, Elif Balta. _cresimleyen. |
|
| 942 |
_2ddc _cBK |
||
| 999 |
_c21327 _d21327 |
||